Welcome to CU Library Online Public Access Catalogue (OPAC)

Church administration : (Record no. 6184)

MARC details
000 -LEADER
fixed length control field 00552pam a2200181 a 4500
001 - CONTROL NUMBER
control field 3804431
005 - DATE AND TIME OF LATEST TRANSACTION
control field 20250603101526.0
008 - FIXED-LENGTH DATA ELEMENTS--GENERAL INFORMATION
fixed length control field 850313s1985 tnua b 000 0 eng
020 ## - INTERNATIONAL STANDARD BOOK NUMBER
International Standard Book Number 0805431136 (pbk.) :
Terms of availability $8.95
050 00 - LIBRARY OF CONGRESS CALL NUMBER
Classification number BV652
Item number .T53 1985
082 00 - DEWEY DECIMAL CLASSIFICATION NUMBER
Classification number 254
Edition information 19
100 1# - MAIN ENTRY--PERSONAL NAME
Personal name Tidwell, Charles A.
245 10 - TITLE STATEMENT
Title Church administration :
Remainder of title effective leadership for ministry /
Statement of responsibility, etc. Charles A. Tidwell.
260 ## - PUBLICATION, DISTRIBUTION, ETC.
Place of publication, distribution, etc. Nashville, Tenn. :
Name of publisher, distributor, etc. Broadman Press,
Date of publication, distribution, etc. c1985.
300 ## - PHYSICAL DESCRIPTION
Extent 256 p. :
Other physical details ill. ;
Dimensions 23 cm.
650 #0 - SUBJECT ADDED ENTRY--TOPICAL TERM
Topical term or geographic name entry element Church management.
942 ## - ADDED ENTRY ELEMENTS (KOHA)
Source of classification or shelving scheme Library of Congress Classification
Koha item type Books
Suppress in OPAC No
999 ## -
-- 6184
-- 6184

No items available.

© 2023-2024 Copyright: Central University Libraries. All Rights Reserved | Created by: Mahone Tech Office